[Event "Wch Seniors 50 32nd"]
[Site "Porto Santo"]
[Date "2024.11.21"]
[Round "5"]
[White "Kekelidze, Mikheil"]
[Black "Meessen, Rudolf"]
[Result "1-0"]
[WhiteElo "2353"]
[BlackElo "2234"]
[PlyCount "47"]
[EventDate "2024.11.17"]
[EventType "swiss"]
[EventRounds "11"]
[EventCountry "POR"]
[SourceTitle "CB49_2024"]
[SourceDate "2024.12.04"]
[SourceVersion "1"]
[SourceVersionDate "2024.12.04"]
[SourceQuality "1"]

1. d4 Nf6 2. c4 g6 3. Nc3 Bg7 4. e4 d6 5. Be2 0-0 6. Be3 c5 7. d5 e6 8. Nf3 exd5 9. cxd5 b5 10. e5 dxe5 11. Bxc5 Re8 12. Bxb5 Nbd7 13. Be3 Ng4 14. 0-0 Nxe3 15. fxe3 Qb6 16. Qe2 Rb8 17. Ng5 Rf8 18. d6 Qxd6 19. Rxf7 Rxf7 20. Bc4 Rb4 21. Bxf7+ Kf8 22. Be6 Ba6 23. Qf2+ Nf6 24. Nd5 1-0

[Event "Wch Seniors 50 32nd"]
[Site "Porto Santo"]
[Date "2024.11.20"]
[Round "4"]
[White "Glek, Igor Vladimirovich"]
[Black "Meessen, Rudolf"]
[Result "1/2-1/2"]
[WhiteElo "2417"]
[BlackElo "2234"]
[PlyCount "26"]
[EventDate "2024.11.17"]
[EventType "swiss"]
[EventRounds "11"]
[EventCountry "POR"]
[SourceTitle "CB49_2024"]
[SourceDate "2024.12.04"]
[SourceVersion "1"]
[SourceVersionDate "2024.12.04"]
[SourceQuality "1"]

1. d4 Nf6 2. c4 d6 3. Nc3 e5 4. d5 Bf5 5. f3 e4 6. g4 Nxg4 7. fxg4 Qh4+ 8. Kd2 e3+ 9. Kxe3 Qg5+ 10. Kf2 Qh4+ 11. Ke3 Qg5+ 12. Kf2 Qh4+ 13. Ke3 c5 1/2-1/2

[Event "Krakow op"]
[Site "Krakow"]
[Date "2024.06.29"]
[Round "9"]
[White "Collin, Moritz Valentin"]
[Black "Meessen, Rudolf"]
[Result "1/2-1/2"]
[WhiteElo "2312"]
[BlackElo "2182"]
[PlyCount "80"]
[EventDate "2024.06.22"]
[EventType "swiss"]
[EventRounds "9"]
[EventCountry "POL"]
[SourceTitle "CBM 220 Extra"]
[Source "ChessBase"]
[SourceDate "2024.07.31"]
[SourceVersion "1"]
[SourceVersionDate "2024.07.31"]
[SourceQuality "1"]

1. d4 Nf6 2. c4 g6 3. h4 Bg7 4. Nc3 0-0 5. e4 d6 6. Be2 c5 7. d5 e6 8. h5 exd5 9. exd5 Re8 10. h6 Bh8 11. Bg5 Qb6 12. b3 Ne4 13. Nxe4 Rxe4 14. Kf1 Nd7 15. Rb1 a5 16. f3 Re8 17. Nh3 a4 18. Nf2 axb3 19. Rxb3 Qa6 20. a3 f5 21. Bc1 Nf6 22. Bb2 Bd7 23. Qa1 Rxe2 24. Kxe2 Qxc4+ 25. Rd3 Qc2+ 26. Rd2 Bb5+ 27. Ke1 Re8+ 28. Ne4 Rxe4+ 29. fxe4 Qxe4+ 30. Kd1 Ba4+ 31. Kc1 Qc4+ 32. Kb1 Qe4+ 33. Kc1 Qc4+ 34. Kb1 Ne4 35. Rhd1 Bxd1 36. Rxd1 Qb3 37. Kc1 Qc4+ 38. Kb1 Qb3 39. Kc1 Qc4+ 40. Kb1 Qb3 1/2-1/2

[Event "BL2-West 2324"]
[Site "Germany"]
[Date "2024.03.17"]
[Round "10.8"]
[White "Meessen, Rudolf"]
[Black "Michalczak, Thomas"]
[Result "1-0"]
[WhiteElo "2170"]
[BlackElo "2187"]
[PlyCount "126"]
[EventDate "2023.10.21"]
[EventType "team-tourn"]
[EventRounds "10"]
[EventCountry "GER"]
[SourceTitle "EXT 2025"]
[Source "ChessBase"]
[SourceDate "2024.10.14"]
[SourceVersion "1"]
[SourceVersionDate "2024.10.14"]
[SourceQuality "1"]
[WhiteTeam "Aachen"]
[BlackTeam "Solingen II"]
[WhiteTeamCountry "GER"]
[BlackTeamCountry "GER"]

1. d4 d5 2. Nc3 Nf6 3. Bf4 e6 4. Nb5 Na6 5. e3 Be7 6. h4 0-0 7. Nf3 c6 8. Nc3 c5 9. h5 cxd4 10. exd4 Bb4 11. h6 g6 12. Bg5 Be7 13. Bxa6 bxa6 14. Ne5 Bb7 15. f3 Rc8 16. Qd2 Ne8 17. Bxe7 Qxe7 18. 0-0-0 Nd6 19. b3 Rc7 20. Na4 Rfc8 21. Nc5 Nb5 22. Kb1 Nxd4 23. Qxd4 Qxc5 24. Qxc5 Rxc5 25. Nd7 Rxc2 26. Nf6+ Kf8 27. f4 Ke7 28. Nxh7 f6 29. Nxf6 Rxg2 30. h7 Rh8 31. Ng8+ Kd6 32. Nh6 Rxh7 33. Nf5+ gxf5 34. Rxh7 Bc6 35. Rxa7 Bb5 36. a4 Be2 37. Rd2 e5 38. fxe5+ Ke6 39. Kc2 f4 40. Rxa6+ Kxe5 41. Ra5 f3 42. Raxd5+ Ke4 43. Rd8 Bf1 44. Kc3 f2 45. Re8+ Kf4 46. Rf8+ Ke3 47. Re8+ Kf3 48. b4 Be2 49. Rexe2 f1Q 50. Rxg2 Qc1+ 51. Kb3 Qb1+ 52. Rb2 Qd1+ 53. Rgc2 Ke4 54. a5 Kd4 55. Ka2 Qe1 56. Re2 Qf1 57. Rbc2 Qf7+ 58. Ka3 Qb7 59. Red2+ Ke3 60. Ka4 Qh1 61. a6 Qa1+ 62. Ra2 Qe1 63. Re2+ Kd4 1-0

[Event "Budapest One Week IM-A 02"]
[Site "Budapest"]
[Date "2024.03.02"]
[Round "9"]
[White "Foldes, Marton Gabor"]
[Black "Meessen, Rudolf"]
[Result "0-1"]
[WhiteElo "2119"]
[BlackElo "2168"]
[PlyCount "92"]
[EventDate "2024.02.26"]
[EventType "tourn"]
[EventRounds "9"]
[EventCountry "HUN"]
[EventCategory "1"]
[SourceTitle "CBM 219 Extra"]
[Source "ChessBase"]
[SourceDate "2024.05.31"]
[SourceVersion "1"]
[SourceVersionDate "2024.05.31"]
[SourceQuality "1"]

1. e4 Nf6 2. e5 Nd5 3. Nc3 Nxc3 4. bxc3 e6 5. f4 d5 6. Nf3 c5 7. d4 Qa5 8. Bd2 c4 9. Be2 Bd7 10. 0-0 h6 11. f5 exf5 12. Nh4 g6 13. g4 Be7 14. Ng2 Na6 15. gxf5 gxf5 16. Ne3 Rg8+ 17. Kh1 Rg5 18. Ng2 0-0-0 19. Bxg5 hxg5 20. Qd2 Rh8 21. Ne3 f4 22. Nd1 Nc7 23. Nf2 Nb5 24. Nd1 Bf5 25. Bf3 Na3 26. Rc1 Be6 27. Qg2 Rh4 28. Nf2 Kb8 29. Rg1 a6 30. Rgf1 Ka7 31. Rg1 Nb5 32. Bxd5 Nxc3 33. Bxb7 g4 34. Nd1 g3 35. Nxc3 Qxc3 36. Be4 Rxh2+ 37. Qxh2 gxh2 38. Rg8 Qxd4 39. Ra8+ Kb6 40. Rb8+ Ka5 41. Bg2 Bd5 42. Rg8 f3 43. Bf1 Bc5 44. Bh3 Qxe5 45. Rc8 f2+ 46. Bg2 Qe1+ 0-1

[Event "Budapest One Week IM-A 02"]
[Site "Budapest"]
[Date "2024.02.27"]
[Round "3"]
[White "Horvath, David G"]
[Black "Meessen, Rudolf"]
[Result "1/2-1/2"]
[WhiteElo "2330"]
[BlackElo "2168"]
[PlyCount "35"]
[EventDate "2024.02.26"]
[EventType "tourn"]
[EventRounds "9"]
[EventCountry "HUN"]
[EventCategory "1"]
[SourceTitle "CBM 219 Extra"]
[Source "ChessBase"]
[SourceDate "2024.05.31"]
[SourceVersion "1"]
[SourceVersionDate "2024.05.31"]
[SourceQuality "1"]

1. d4 g6 2. c4 Bg7 3. Nf3 d6 4. g3 Nf6 5. Bg2 0-0 6. 0-0 Nbd7 7. Nc3 e5 8. Qc2 exd4 9. Nxd4 Nb6 10. Rd1 Nxc4 11. Ncb5 a6 12. Qxc4 axb5 13. Nxb5 Ne8 14. Qc2 c6 15. Nxd6 Nxd6 16. Bf4 Qb6 17. Bxd6 Re8 18. Ba3 1/2-1/2

[Event "Budapest One Week IM-A 02"]
[Site "Budapest"]
[Date "2024.02.26"]
[Round "1"]
[White "Goczo, Melinda"]
[Black "Meessen, Rudolf"]
[Result "0-1"]
[WhiteElo "2201"]
[BlackElo "2168"]
[PlyCount "122"]
[EventDate "2024.02.26"]
[EventType "tourn"]
[EventRounds "9"]
[EventCountry "HUN"]
[EventCategory "1"]
[SourceTitle "CBM 219 Extra"]
[Source "ChessBase"]
[SourceDate "2024.05.31"]
[SourceVersion "1"]
[SourceVersionDate "2024.05.31"]
[SourceQuality "1"]

1. d4 Nf6 2. c4 b6 3. Nf3 Bb7 4. Nc3 e6 5. a3 d5 6. cxd5 Nxd5 7. Qc2 Be7 8. e4 Nxc3 9. bxc3 0-0 10. Bd3 c5 11. 0-0 Ba6 12. Bxa6 Nxa6 13. Rd1 Qc8 14. d5 exd5 15. exd5 h6 16. c4 Bf6 17. Bb2 Bxb2 18. Qxb2 Qf5 19. Re1 Rae8 20. Qb5 Qc8 21. Ne5 Nb8 22. d6 Re6 23. Rad1 Rd8 24. f4 Rexd6 25. Rxd6 Rxd6 26. Ng6 Nc6 27. Nh4 Re6 28. Qb1 Nd4 29. Kf2 Qe8 30. Rxe6 Qxe6 31. Qd3 Qf6 32. g3 a6 33. a4 Qe6 34. Nf3 Nxf3 35. Kxf3 f5 36. Qd8+ Kh7 37. Qd3 h5 38. h3 a5 39. g4 Kg6 40. g5 h4 41. Qe2 Qc6+ 42. Kf2 Qd7 43. Qe5 Qd2+ 44. Kf3 Qd3+ 45. Kf2 Qxc4 46. Qe8+ Qf7 47. Qc6+ Kh5 48. Qf3+ Kg6 49. Qc6+ Kh7 50. Qxb6 Qa2+ 51. Kg1 Qa1+ 52. Kg2 Qa2+ 53. Kg1 Qa3 54. Qxa5 Qg3+ 55. Kh1 Qxh3+ 56. Kg1 Qg3+ 57. Kh1 h3 58. Qd2 c4 59. a5 c3 60. Qc2 Qe1+ 61. Kh2 Qd2+ 0-1

[Event "BL2-West 2324"]
[Site "Germany"]
[Date "2023.10.22"]
[Round "2.8"]
[White "Meessen, Rudolf"]
[Black "Braun, Christian1"]
[Result "0-1"]
[WhiteElo "2170"]
[BlackElo "2420"]
[PlyCount "108"]
[EventDate "2023.10.21"]
[EventType "team-tourn"]
[EventRounds "10"]
[EventCountry "GER"]
[SourceTitle "EXT 2025"]
[Source "ChessBase"]
[SourceDate "2024.10.14"]
[SourceVersion "1"]
[SourceVersionDate "2024.10.14"]
[SourceQuality "1"]
[WhiteTeam "Aachen"]
[BlackTeam "Duesseldorf"]
[WhiteTeamCountry "GER"]
[BlackTeamCountry "GER"]

1. d4 Nf6 2. Bf4 d5 3. e3 c5 4. dxc5 g6 5. Bb5+ Nc6 6. b4 Bg7 7. Be5 a5 8. a3 0-0 9. Bxc6 bxc6 10. Nd2 Bh6 11. Ngf3 Ba6 12. Nb3 a4 13. Bxf6 axb3 14. Bb2 bxc2 15. Qxc2 f6 16. h4 e5 17. h5 g5 18. g4 Qd7 19. Rg1 Qb7 20. 0-0-0 Bb5 21. Qf5 Qe7 22. Nd2 Ba6 23. Qc2 Rfb8 24. e4 Qf7 25. Rg3 Bf8 26. Rf3 Be2 27. Rg3 Bxd1 28. Kxd1 Rd8 29. Ke1 Be7 30. Rd3 Qe6 31. f3 Ra7 32. Qb3 Kf7 33. Nf1 Rb7 34. Qa2 d4 35. Qxe6+ Kxe6 36. Bc1 Bxc5 37. bxc5 Rb5 38. Bd2 Rxc5 39. Rb3 Rc2 40. Ng3 c5 41. Nf5 Kd7 42. Kd1 Ra2 43. h6 c4 44. Rb7+ Kc6 45. Rxh7 c3 46. Bc1 d3 47. Ne7+ Kc5 48. Nd5 Rxd5 49. Rc7+ Kd4 50. h7 Rh2 51. Ke1 d2+ 52. Bxd2 cxd2+ 53. Kd1 Kd3 54. h8Q Rxh8 0-1

[Event "EU-Cup 38th"]
[Site "Durres"]
[Date "2023.10.07"]
[Round "7.6"]
[White "Pobor, Milo"]
[Black "Meessen, Rudolf"]
[Result "1/2-1/2"]
[WhiteElo "2208"]
[BlackElo "2170"]
[PlyCount "145"]
[EventDate "2023.10.01"]
[EventType "team-swiss"]
[EventRounds "7"]
[EventCountry "ALB"]
[SourceTitle "CBM 216 Extra"]
[Source "ChessBase"]
[SourceDate "2023.11.30"]
[SourceVersion "1"]
[SourceVersionDate "2023.11.30"]
[SourceQuality "1"]
[WhiteTeam "Elektroprivreda"]
[BlackTeam "KSK Rochade"]
[WhiteTeamCountry "MNE"]
[BlackTeamCountry "BEL"]

1. e4 e5 2. Nf3 d6 3. d4 exd4 4. Nxd4 Nf6 5. Nc3 Be7 6. Be2 0-0 7. Bf4 Nc6 8. Qd2 Nxd4 9. Qxd4 c6 10. Rd1 Qa5 11. b4 Qb6 12. Bxd6 Qxd4 13. Rxd4 Rd8 14. e5 Ne8 15. Ne4 Bf5 16. c3 Bxe4 17. Bxe7 Rxd4 18. cxd4 Bxg2 19. Rg1 Bd5 20. a3 Rc8 21. Kd2 Rc7 22. Bg5 Rd7 23. Ke3 Kf8 24. f4 f5 25. b5 Nc7 26. bxc6 Bxc6 27. Bd3 g6 28. Bc4 Bd5 29. Rc1 Kf7 30. Kd3 Ne6 31. h4 Bxc4+ 32. Rxc4 b5 33. Rb4 Rd5 34. Kc3 Ke8 35. a4 a6 36. axb5 axb5 37. Rb2 h5 38. Ra2 Rxd4 39. Ra8+ Kd7 40. Ra7+ Kc8 41. Ra8+ Kb7 42. Rg8 Rc4+ 43. Kb3 Nxf4 44. Rg7+ Kc6 45. Bxf4 Rxf4 46. Rxg6+ Kd5 47. Rg5 Rxh4 48. Rxf5 b4 49. Rg5 Ke6 50. Ka4 Ke7 51. Kb3 Kf7 52. Ka4 Rh1 53. Kxb4 h4 54. Kc3 h3 55. Kb2 Re1 56. Rh5 Re3 57. Kc2 Kg6 58. Rh8 Kf5 59. e6 Kg4 60. Rg8+ Kf3 61. Rf8+ Kg2 62. Rg8+ Kh1 63. Rg6 Re5 64. Kd3 h2 65. Kd4 Re1 66. Kd5 Rd1+ 67. Kc6 Rg1 68. Rh6 Re1 69. Kd7 Kg2 70. e7 h1Q 71. Rxh1 Kxh1 72. e8Q Rxe8 73. Kxe8 1/2-1/2

[Event "Budapest SixDays 09 IM"]
[Site "Budapest"]
[Date "2023.09.16"]
[Round "7"]
[White "Vincenti, Leonardo"]
[Black "Meessen, Rudolf"]
[Result "1/2-1/2"]
[WhiteElo "2238"]
[BlackElo "2109"]
[PlyCount "118"]
[EventDate "2023.09.12"]
[EventType "tourn"]
[EventRounds "9"]
[EventCountry "HUN"]
[EventCategory "1"]
[SourceTitle "CBM 216 Extra"]
[Source "ChessBase"]
[SourceDate "2023.11.30"]
[SourceVersion "1"]
[SourceVersionDate "2023.11.30"]
[SourceQuality "1"]

1. e4 c5 2. Nf3 g6 3. c3 d5 4. e5 Nc6 5. d4 Bg4 6. Nbd2 cxd4 7. cxd4 Qb6 8. Bd3 Rc8 9. 0-0 Nh6 10. h3 Nb4 11. Bb1 Bf5 12. Bxf5 Nxf5 13. Qa4+ Nc6 14. Nb3 Qb4 15. Qxb4 Nxb4 16. Bd2 Nd3 17. Rab1 b6 18. Nc1 Nxc1 19. Rfxc1 Rxc1+ 20. Rxc1 Kd7 21. g4 Ng7 22. Ng5 f6 23. e6+ Nxe6 24. Nxe6 Kxe6 25. Rc7 f5 26. gxf5+ gxf5 27. Bb4 a5 28. Ba3 Rg8+ 29. Kf1 Rg6 30. Ke2 Rh6 31. f3 f4 32. Rb7 Kf5 33. Rd7 Ke6 34. Rb7 Kf7 35. Rd7 Rxh3 36. Rxd5 e6 37. Rd7+ Ke8 38. Rb7 Bxa3 39. bxa3 h5 40. Rxb6 Kf7 41. Rb5 a4 42. Rb4 h4 43. Kf2 Rh2+ 44. Kg1 Rxa2 45. Rxa4 Kf6 46. d5 e5 47. Ra6+ Kf5 48. Ra8 Rd2 49. Rf8+ Kg6 50. Rd8 Kf6 51. d6 Rd5 52. Kg2 Ke6 53. Kh3 Ra5 54. Kxh4 Rxa3 55. Kg4 Ra7 56. Re8+ Kf6 57. Rf8+ Ke6 58. Re8+ Kxd6 59. Kf5 Ra3 1/2-1/2

[Event "Budapest SixDays 09 IM"]
[Site "Budapest"]
[Date "2023.09.14"]
[Round "4"]
[White "Meessen, Rudolf"]
[Black "Semprun Martinez, Fernando M"]
[Result "1-0"]
[WhiteElo "2109"]
[BlackElo "2111"]
[PlyCount "45"]
[EventDate "2023.09.12"]
[EventType "tourn"]
[EventRounds "9"]
[EventCountry "HUN"]
[EventCategory "1"]
[SourceTitle "CBM 216 Extra"]
[Source "ChessBase"]
[SourceDate "2023.11.30"]
[SourceVersion "1"]
[SourceVersionDate "2023.11.30"]
[SourceQuality "1"]

1. d4 d5 2. Nc3 Nf6 3. Bf4 e6 4. e3 Be7 5. g4 a6 6. g5 Nfd7 7. Qg4 c5 8. Qg3 Qb6 9. 0-0-0 cxd4 10. exd4 Nc6 11. Nf3 Qa7 12. h4 b5 13. h5 Nf8 14. Bd3 f6 15. Rhe1 f5 16. g6 h6 17. Bd6 Qd7 18. Bxe7 Nxe7 19. Ne5 Qc7 20. Nxb5 axb5 21. Bxb5+ Nd7 22. Nxd7 Qxg3 23. Nc5+ 1-0

[Event "Budapest SixDays 09 IM"]
[Site "Budapest"]
[Date "2023.09.13"]
[Round "2"]
[White "Krizsany, Laszlo"]
[Black "Meessen, Rudolf"]
[Result "1/2-1/2"]
[WhiteElo "2361"]
[BlackElo "2109"]
[PlyCount "93"]
[EventDate "2023.09.12"]
[EventType "tourn"]
[EventRounds "9"]
[EventCountry "HUN"]
[EventCategory "1"]
[SourceTitle "CBM 216 Extra"]
[Source "ChessBase"]
[SourceDate "2023.11.30"]
[SourceVersion "1"]
[SourceVersionDate "2023.11.30"]
[SourceQuality "1"]

1. d4 d6 2. e4 g6 3. c4 Bg7 4. Nc3 Nd7 5. Be2 e5 6. Nf3 Ngf6 7. 0-0 0-0 8. Be3 Qe7 9. Qc2 Ng4 10. Bg5 f6 11. Bd2 c6 12. h3 Nh6 13. Rad1 Kh8 14. d5 c5 15. a3 f5 16. b4 b6 17. Rb1 f4 18. Nb5 Nf6 19. bxc5 bxc5 20. Ba5 Ne8 21. Rb2 g5 22. Nh2 Bd7 23. Rfb1 g4 24. hxg4 Bf6 25. Nc3 Rg8 26. Rb7 Nf7 27. Qd3 Bh4 28. Qh3 Bg5 29. Bd1 Nd8 30. Rb8 Rxb8 31. Rxb8 Nf6 32. Qd3 Bh4 33. Qb1 h5 34. Bxd8 Rxd8 35. Rxd8+ Qxd8 36. gxh5 Qa5 37. Qc2 Bxf2+ 38. Qxf2 Qxc3 39. Bf3 Qxc4 40. Nf1 Bb5 41. g4 Qd3 42. Nh2 Nxe4 43. Qh4 Qe3+ 44. Kg2 Qd2+ 45. Kg1 Qe3+ 46. Kg2 Qd2+ 47. Kg1 1/2-1/2

[Event "BL2-West 2223"]
[Site "Germany"]
[Date "2023.02.25"]
[Round "7.7"]
[White "Meessen, Rudolf"]
[Black "Stewart, Neil"]
[Result "1/2-1/2"]
[WhiteElo "2162"]
[BlackElo "2213"]
[PlyCount "93"]
[EventDate "2022.10.22"]
[EventType "team-tourn"]
[EventRounds "10"]
[EventCountry "GER"]
[SourceTitle "EXT 2024"]
[Source "ChessBase"]
[SourceDate "2023.10.10"]
[SourceVersion "1"]
[SourceVersionDate "2023.10.10"]
[SourceQuality "1"]
[WhiteTeam "Aachen SV"]
[BlackTeam "Koblenz"]
[WhiteTeamCountry "GER"]
[BlackTeamCountry "GER"]

1. d4 d5 2. Nc3 Nf6 3. Bf4 e6 4. e3 Bb4 5. Nge2 0-0 6. h4 b6 7. a3 Bd6 8. h5 h6 9. Bxd6 Qxd6 10. Nf4 Bb7 11. Nd3 c5 12. Ne5 a6 13. f4 Nfd7 14. Qg4 Nxe5 15. fxe5 Qe7 16. 0-0-0 Nd7 17. Bd3 b5 18. Rdf1 Bc6 19. Rh3 c4 20. Be2 f5 21. Qh4 Qxh4 22. Rxh4 a5 23. g4 fxg4 24. Rg1 b4 25. Nb1 Rf2 26. Kd1 Nf8 27. Rhxg4 Ra7 28. Nd2 c3 29. bxc3 bxa3 30. Kc1 Rh2 31. Nf3 a2 32. Kd2 Rf2 33. Ra1 Rf7 34. Ne1 Bb5 35. Nd3 Bc4 36. Rf4 R7xf4 37. exf4 Rh2 38. Ke3 g6 39. Nf2 Bxe2 40. Kxe2 gxh5 41. Kf3 h4 42. Rxa2 Ng6 43. Rxa5 h3 44. Ra8+ Kg7 45. Ra7+ Kg8 46. Ra1 Rg2 47. Ra8+ 1/2-1/2

[Event "BL2-West 2223"]
[Site "Germany"]
[Date "2023.02.05"]
[Round "6.8"]
[White "Koller, Jens"]
[Black "Meessen, Rudolf"]
[Result "1/2-1/2"]
[WhiteElo "2147"]
[BlackElo "2162"]
[PlyCount "84"]
[EventDate "2022.10.22"]
[EventType "team-tourn"]
[EventRounds "10"]
[EventCountry "GER"]
[SourceTitle "EXT 2024"]
[Source "ChessBase"]
[SourceDate "2023.10.10"]
[SourceVersion "1"]
[SourceVersionDate "2023.10.10"]
[SourceQuality "1"]
[WhiteTeam "Neuberg"]
[BlackTeam "Aachen SV"]
[WhiteTeamCountry "GER"]
[BlackTeamCountry "GER"]

1. e4 d6 2. d4 Nf6 3. Nc3 e5 4. dxe5 dxe5 5. Qxd8+ Kxd8 6. Nf3 Bd6 7. Bg5 Be6 8. 0-0-0 Nbd7 9. Nb5 Ke7 10. Nxd6 cxd6 11. Nd2 h6 12. Bh4 g5 13. Bg3 Nh5 14. Nc4 Nxg3 15. hxg3 Nf6 16. f3 Bxc4 17. Bxc4 Rhe8 18. Bb3 h5 19. Rhf1 h4 20. f4 gxf4 21. gxf4 Rg8 22. fxe5 dxe5 23. Rd2 Rg5 24. Rf3 Rg3 25. Rf5 Rh8 26. Rf1 Rg5 27. Rf3 Rg3 28. Rf5 Rh5 29. Rf1 Rhg5 30. Rdf2 Rg6 31. Rf5 R3g5 32. R5f3 Rxg2 33. c3 Rg1 34. Rxf6 h3 35. Rxf7+ Kd6 36. Rd1+ Rxd1+ 37. Bxd1 h2 38. Rh7 Rg2 39. Bf3 Rf2 40. Rh3 Rxf3 41. Rxh2 Re3 42. Kd2 Rxe4 1/2-1/2

[Event "Wch Seniors 50 30th"]
[Site "Assisi"]
[Date "2022.11.18"]
[Round "4"]
[White "Meessen, Rudolf"]
[Black "Young, Angelo"]
[Result "1/2-1/2"]
[WhiteElo "2158"]
[BlackElo "2309"]
[PlyCount "94"]
[EventDate "2022.11.15"]
[EventType "swiss"]
[EventRounds "11"]
[EventCountry "ITA"]
[SourceTitle "CBM 211 Extra"]
[Source "ChessBase"]
[SourceDate "2023.01.31"]
[SourceVersion "1"]
[SourceVersionDate "2023.01.31"]
[SourceQuality "1"]

1. d4 Nf6 2. Nc3 d6 3. e4 c6 4. f4 Qa5 5. e5 Ne4 6. Qf3 d5 7. Bd3 Na6 8. Kf1 Nxc3 9. Bd2 e6 10. bxc3 c5 11. Qd1 c4 12. Be2 Ba3 13. h4 0-0 14. h5 f6 15. Nf3 Bb2 16. h6 g6 17. Rb1 Bxc3 18. Ke1 fxe5 19. fxe5 b5 20. Rf1 Bd7 21. Bxc3 Qxc3+ 22. Qd2 Qxd2+ 23. Kxd2 b4 24. Nh2 Rxf1 25. Bxf1 Rb8 26. Ng4 Ba4 27. Be2 Nc7 28. Rf1 Ne8 29. a3 c3+ 30. Ke3 bxa3 31. Ra1 Bxc2 32. Rxa3 Rc8 33. Ra1 Bf5 34. Nf2 c2 35. Kd2 c1Q+ 36. Rxc1 Rxc1 37. Kxc1 Nc7 38. g4 Be4 39. g5 Bf5 40. Kb2 Kf7 41. Kc3 Na8 42. Kb4 Nb6 43. Bb5 Nc8 44. Ba6 Ne7 45. Kc5 Ng8 46. Kd6 Ne7 47. Kc5 Ng8 1/2-1/2

[Event "BEL-chT 2223"]
[Site "Belgium"]
[Date "2022.09.25"]
[Round "1.5"]
[White "Meessen, Rudolf"]
[Black "Piacentini, Claudio"]
[Result "1-0"]
[WhiteElo "2149"]
[BlackElo "2033"]
[PlyCount "51"]
[EventDate "2022.09.25"]
[EventType "team-tourn"]
[EventRounds "11"]
[EventCountry "BEL"]
[SourceTitle "EXT 2024"]
[Source "ChessBase"]
[SourceDate "2023.10.10"]
[SourceVersion "1"]
[SourceVersionDate "2023.10.10"]
[SourceQuality "1"]
[WhiteTeam "Eupen Rochade"]
[BlackTeam "Charleroi CREC"]
[WhiteTeamCountry "BEL"]
[BlackTeamCountry "BEL"]

1. d4 Nf6 2. Nc3 g6 3. Bf4 d6 4. Nf3 Bg7 5. Qd2 0-0 6. e4 Bg4 7. 0-0-0 Nbd7 8. h4 c5 9. d5 b5 10. Re1 b4 11. Nd1 Bxf3 12. gxf3 Nh5 13. Bh6 Bxh6 14. Qxh6 Qa5 15. Bh3 Ne5 16. Kb1 Nxf3 17. Bg4 Nxe1 18. Bxh5 Nxc2 19. Kxc2 Qxa2 20. Be2 c4 21. h5 Qb3+ 22. Kc1 g5 23. Qxg5+ Kh8 24. Qxe7 h6 25. Qf6+ Kh7 26. Bg4 1-0

[Event "Riga Tech op 11th"]
[Site "Riga"]
[Date "2022.08.19"]
[Round "7"]
[White "Rychagov, Nikita1"]
[Black "Meessen, Rudolf"]
[Result "1-0"]
[WhiteElo "2116"]
[BlackElo "2217"]
[PlyCount "111"]
[EventDate "2022.08.15"]
[EventType "swiss"]
[EventRounds "9"]
[EventCountry "LAT"]
[SourceTitle "CBM 209 Extra"]
[Source "ChessBase"]
[SourceDate "2022.09.30"]
[SourceVersion "1"]
[SourceVersionDate "2022.09.30"]
[SourceQuality "1"]

1. e4 d6 2. d4 g6 3. f4 Bg7 4. Nc3 a6 5. Nf3 b5 6. Bd3 Nd7 7. a4 b4 8. Ne2 Bb7 9. 0-0 c5 10. c3 cxd4 11. cxd4 a5 12. e5 Qb6 13. e6 fxe6 14. Ng5 Nf8 15. Be3 Nf6 16. Rc1 Ba6 17. Bxa6 Qxa6 18. Kh1 h6 19. Nf3 Nd5 20. Bg1 Bf6 21. Qd2 Kf7 22. g4 Qb7 23. Ng3 Nd7 24. g5 Bg7 25. Rce1 h5 26. Nh4 Nf8 27. Re4 Ke8 28. Qg2 Rc8 29. Rfe1 b3 30. f5 e5 31. f6 exf6 32. gxf6 Bxf6 33. dxe5 Bxh4 34. exd6+ Kf7 35. Rxh4 Qc6 36. Bd4 Rh7 37. Rf1+ Ke6 38. Ne4 Kd7 39. Nc5+ Kxd6 40. Re4 Kc7 41. Qg3+ Kb6 42. Rxf8 Rxf8 43. Re6 Rhf7 44. Qxb3+ Nb4+ 45. Rxc6+ Kxc6 46. Qe6+ Kc7 47. Be5+ Kd8 48. Qb6+ Ke8 49. Qxg6 Kd8 50. Qb6+ Ke8 51. Qb5+ Kd8 52. Ne6+ Ke7 53. Nxf8 Kxf8 54. Bd6+ Kg8 55. Qe8+ Kg7 56. Be5+ 1-0

[Event "Riga Tech op 11th"]
[Site "Riga"]
[Date "2022.08.18"]
[Round "5"]
[White "Krivonosov, Oleg"]
[Black "Meessen, Rudolf"]
[Result "1/2-1/2"]
[WhiteElo "2375"]
[BlackElo "2217"]
[PlyCount "51"]
[EventDate "2022.08.15"]
[EventType "swiss"]
[EventRounds "9"]
[EventCountry "LAT"]
[SourceTitle "CBM 209 Extra"]
[Source "ChessBase"]
[SourceDate "2022.09.30"]
[SourceVersion "1"]
[SourceVersionDate "2022.09.30"]
[SourceQuality "1"]

1. Nf3 d6 2. d4 g6 3. c4 Bg7 4. e4 Nf6 5. Nc3 0-0 6. Be2 Nbd7 7. 0-0 e5 8. Re1 Re8 9. Bf1 a6 10. dxe5 Nxe5 11. Nxe5 Rxe5 12. Bf4 Re8 13. Qd2 Be6 14. Rac1 Nd7 15. Bg5 f6 16. Bh6 Bxh6 17. Qxh6 Ne5 18. Nd5 c6 19. Nf4 Bf7 20. Qh3 b5 21. cxb5 axb5 22. a3 Ra4 23. Qc3 Qb6 24. Rcd1 g5 25. Nd3 Rc4 26. Qd2 1/2-1/2

[Event "Riga Tech op 11th"]
[Site "Riga"]
[Date "2022.08.18"]
[Round "6"]
[White "Meessen, Rudolf"]
[Black "Carlsson, Ludvig"]
[Result "0-1"]
[WhiteElo "2217"]
[BlackElo "2387"]
[PlyCount "70"]
[EventDate "2022.08.15"]
[EventType "swiss"]
[EventRounds "9"]
[EventCountry "LAT"]
[SourceTitle "CBM 209 Extra"]
[Source "ChessBase"]
[SourceDate "2022.09.30"]
[SourceVersion "1"]
[SourceVersionDate "2022.09.30"]
[SourceQuality "1"]

1. d4 e6 2. Nc3 Nf6 3. e4 d5 4. e5 Nfd7 5. Nce2 c5 6. c3 Nc6 7. Nf3 a5 8. a4 b6 9. Nf4 Ba6 10. Bb5 Bxb5 11. axb5 Na7 12. c4 cxd4 13. cxd5 Bb4+ 14. Kf1 Nc5 15. Nxd4 Qd7 16. d6 Nxb5 17. Nc2 0-0 18. Nh5 f6 19. Nxb4 axb4 20. Rxa8 Rxa8 21. Qg4 Qf7 22. Nxf6+ Kh8 23. Qh5 Qxh5 24. Nxh5 Ra1 25. Ke2 Nd4+ 26. Kd2 Ncb3+ 27. Kd3 Nc6 28. Kc4 Nxc1 29. f4 Ra5 30. Rxc1 Rc5+ 31. Kb3 Rxc1 32. f5 exf5 33. Nf4 Nxe5 34. Nd3 Nxd3 35. d7 Nc5+ 0-1

[Event "Riga Tech op 11th"]
[Site "Riga"]
[Date "2022.08.17"]
[Round "4"]
[White "Meessen, Rudolf"]
[Black "Sarkar, Justin"]
[Result "1/2-1/2"]
[WhiteElo "2217"]
[BlackElo "2352"]
[PlyCount "28"]
[EventDate "2022.08.15"]
[EventType "swiss"]
[EventRounds "9"]
[EventCountry "LAT"]
[SourceTitle "CBM 209 Extra"]
[Source "ChessBase"]
[SourceDate "2022.09.30"]
[SourceVersion "1"]
[SourceVersionDate "2022.09.30"]
[SourceQuality "1"]

1. d4 d5 2. Nc3 c5 3. e4 dxe4 4. d5 Nf6 5. Nge2 e6 6. Nf4 a6 7. dxe6 Qxd1+ 8. Kxd1 fxe6 9. Bc4 Nc6 10. Re1 e5 11. Ne6 Bxe6 12. Bxe6 Nd4 13. Bh3 Rd8 14. Bd2 g6 1/2-1/2